Вып. 3 : Газораспределительный механизм; Поршневые авиадвигатели. Уравновешивание авиадвигателей

Dades bibliogràfiques
Parent link:Поршневые авиадвигатели. Уравновешивание авиадвигателей: учебное пособие/ В. Я. Шипиль; Киевский институт инженеров гражданской авиации. Вып. 3 : Газораспределительный механизм.— : [Б. и.], 1971-1978
Idioma:rus
Publicat: 1978
Matèries:
Format: MixedMaterials Llibre
KOHA link:https://koha.lib.tpu.ru/cgi-bin/koha/opac-detail.pl?biblionumber=371092

MARC

LEADER 00000nam2a2200000 4500
001 371092
005 20231102012338.0
035 |a (RuTPU)RU\TPU\retro\28501 
035 |a RU\TPU\retro\28500 
090 |a 371092 
100 |a 20220915d1978 m y0rusy50 ca 
101 0 |a rus 
102 |a UA 
105 |a a j 001zy 
200 0 |a Вып. 3 : Газораспределительный механизм 
210 |d 1978 
215 |a 40 с.  |c ил. 
320 |a Библиогр.: с. 39 
461 1 |0 (RuTPU)RU\TPU\retro\11640  |t Поршневые авиадвигатели. Уравновешивание авиадвигателей  |o учебное пособие  |f В. Я. Шипиль  |g Киевский институт инженеров гражданской авиации  |v Вып. 3 : Газораспределительный механизм  |n [Б. и.]  |d 1971-1978 
606 1 |a Авиационные двигатели поршневые  |2 stltpush  |3 (RuTPU)RU\TPU\subj\326  |9 29287 
610 1 |a газораспределение 
610 1 |a клапанные узлы 
610 1 |a конструкции 
610 1 |a клапанные механизмы 
610 1 |a расчеты 
610 1 |a учебные пособия 
675 |a 629.431.75-144(075.8)  |v 4 
801 1 |a RU  |b 63413507  |c 20200619 
801 2 |a RU  |b 63413507  |c 20220915  |g RCR 
942 |c BK